| 000 | 00824nam a2200229 a 4500 | ||
|---|---|---|---|
| 001 | 000004220 | ||
| 005 | 20200929151420.0 | ||
| 008 | 801007s1981 xxua b 001 0beng | ||
| 020 | _a0393300463 | ||
| 040 |
_aDO-SdBNP _bspa _cBNPHU |
||
| 082 |
_a923.173 _bG761M |
||
| 100 | 1 |
_aMcFeely, William S., _d1930- _912459 |
|
| 245 | 1 | 0 |
_aGrant : _ba biography / _cWilliam S. McFeely. |
| 260 |
_aNew York : _bW. W. Norton & Company, _c1981. |
||
| 300 |
_axiii, 592 p. : _bil. ; _c21 cm. |
||
| 504 | _aBibliografía p. 561-575. | ||
| 500 | _aIncluye índice | ||
| 600 | 1 | 0 |
_aGRANT, ULYSSES S. _q(Ulysses Simpson), _d1822-1885. _912460 |
| 651 | 4 |
_aEstados Unidos _xHistoria _xGuerra Civil, _y1861-1865 _912461 |
|
| 651 | 4 |
_aEstados Unidos _xPolítica Y Gobierno _y1869-1877. _912462 |
|
| 650 | 4 |
_aPresidentes _zEstados Unidos _xBiografía. _93714 |
|
| 999 |
_c4034 _d4034 |
||